Філологічні науки в Україні, 1998 (Запис № 362183)

МАРК-запис
000 -Лідер
fixed length control field 00734nam a22002417a 4500
003 - Ідентифікатор контрольного номера
control field UA-OsUOA
001 - Контрольний номер
control field 75884
007 - Фіксоване поле фізичного опису
fixed length control field ta
008 - Елементи даних фіксованої довжини – загальна інформація
fixed length control field 20110606b un ||||| |||| 00| 0 ukr d
090 ## - Локальний шифр розміщення
Класифікаційний індекс УДК 016:82.09
Авторський знак (НП) Ф68
040 ## - Джерело каталогізації
Агенція оригінальної каталогізації UA-OsUOA
Мова каталогізації ukr
Агенція, яка здійснювала перезапис UA-OsUOA
Агенція, яка здійснювала модифікацію UA-OsUOA
041 ## - Код мови
Код мови тексту/ звукової доріжки чи окремого заголовка (П) ukr
080 ## - Індекс Універсальної десяткової класифікації
Індекс Універсальної десяткової класифікації (УДК) (НП) 016:82.09
020 ## - Міжнародний стандартний книжковий номер (ISBN)
Міжнародний стандартний книжковий номер (ISBN) (НП) 978-966-193-021-5
245 ## - Відомості про назву
Назва (НП) Філологічні науки в Україні, 1998
Решта назви (НП) наук.-допом. бібліогр. посіб.
Дані про відповідальність (НП) авт.-укл. Козак О.О.
260 ## - Публікація, розповсюдження і т.п. (Вихідні дані)
Місце публікації, розповсюдження і т.п. (П) К.
Ім’я/ наймення видавництва, розповсюджувача і т.п. (П) ВД "Стилос"
Дата публікації, розповсюдження і т.п. (П) 2008
246 31 - Інша форма назви
Назва (НП) 2
Номер частини/ розділ роботи (П)
300 ## - Фізичний опис
Обсяг 573 с.
650 #7 - Додаткове предметне введення – тематичний термін
Тематичний термін чи географічна назва, як елемент введення (НП) 01 Бібліографія і бібліографії. Каталоги
Джерело заголовка чи терміна UDC
942 ## - Додаткові елементи входу (Коха)
Тип елемента Koha Книги
955 ## - Код типу видання за змістом
Код типу видання за змістом (НП) Навчальні видання
Фонди
Стан вилучень Стан втрат Джерело класифікації або схеми стелажів Стан уражень Не для кредиту Код колекції Постійне місце розташування Поточне розміщення Дата придбання Джерело придбання Вартість, звичайна ціна покупки Інвентарний номер Усього замовленно Повний номер виклику Штрих-код Дата останнього перегляду Ціна ефективна від Тип елемента Koha
    Universal Decimal Classification     Колекція Жулинського М.Г. ЧЗ - Читальна зала ЧЗ - Читальна зала 06/06/2011 69/2011 20.00 132734   016:82.09 Ф68 132734 07/12/2021 06/06/2011 Книги